000
00269nam a2200109Ia 4500
008
190216s9999||||xx |||||||||||||| ||und||
100
_a
Finney H A Miller E
245
0
_a
Principles Of Accountancy
260
_b
Pentice Hall Of India
650
_a
Accountancy
942
_c
BK
999
_c
3821
_d
3821